Sporcle Live Weekly Highlights - 10/4 - 10/10/13 Quiz Stats

 Plays Quiz not verified by Sporcle

Challenge
Share
Tweet
Embed
Score 0/20 Timer 05:00
0 Plays Today
Question Answer % Correct
In most versions of the game “Angry Birds”, including the original, what color are the basic birds that are the first birds you start out with?Red
80.6%
What is the only country that shares a land border with Denmark?Germany
74.8%
Which soft drink, first introduced in 1885, was formulated by pharmacist Charles Alderton in Morrison's Old Corner Drug Store, in Waco, Texas?Dr. Pepper
71.2%
During the summer of 2010, waitresses from what restaurant chain visited several overseas military bases during their “Let Freedom Wing Tour”? Hooters
69.8%
What is the only African nation whose common name is one syllable?Chad
68.3%
What common automobile part is also the name of a guitar manufacturer?Fender
65.5%
What crooner gave his last public concert in Japan on December 20th, 1994?Frank Sinatra
51.8%
Which of the main types of clouds, with a name meaning 'curl of hair,' forms at the highest altitudes?Cirrus
50.4%
What actress played the title role in the 2002 film Frida?Salma Hayek
48.9%
Which Big Ten school has the smallest stadium by capacity at around 48,000, making it half the size of some of the bigger schools’ home fields?Northwestern University
46%
Question Answer % Correct
What author wrote the Man in the Iron Mask?Alexander Dumas
42.4%
What company used the 2002/2003 ad slogan “Welcome to the World Wide Wow”?America Online
40.3%
What school did Lou Holtz come out of retirement to coach in 1999?South Carolina
36.7%
What fast food chain at one time used the advertising slogan 'Different is Good'?Arby's
33.8%
What Australian produced wine became the number one imported wine to the U.S. by 2003 and uses a wallaby in its logo?Yellow Tail
31.7%
A blue flame indicates the presence of what metal?Copper
30.9%
What was the name of the band that featured singer Gary Puckett and had hits with “Woman, Woman”, “Lady Willpower”, and “Young Girl” in the late 1960s?The Union Gap
27.3%
Who was the only clean-shaven president between Ulysses S. Grant taking office in 1869, and William Howard Taft leaving office in 1913?William McKinley
26.6%
What former FOX reality program that was hosted by Mark L. Wahlberg, was a ratings hit when it debuted in January of 2001?Temptation Island
12.9%
What island was first documented by Spanish explorer Juan Manuel de Ayala in 1775, which he named “The Island of the Pelicans”?Alcatraz Island
12.2%

You're not logged in!

Compare scores with friends on all Sporcle quizzes.
Join for Free
OR
Log In

You Might Also Like...

Show Comments

Extras

Top Quizzes Today


Score Distribution

Your Account Isn't Verified!

In order to create a playlist on Sporcle, you need to verify the email address you used during registration. Go to your Sporcle Settings to finish the process.

Report this User

Report this user for behavior that violates our Community Guidelines.

Details: